MDQL
is popping MORE tags! Check the
thread
!
Quizzes
Events
Quiz Creation
Community
Videos
Private Events
Remove Ads
Sign In
Join for FREE
Feedback
Dark Mode
Quiz Categories
Sports
Geography
Music
Movies
Television
Just For Fun
Miscellaneous
History
Literature
Language
Science
Gaming
Entertainment
Religion
Holiday
For Kids
Quiz Lab
Recent
Popular Today
Quiz Kudos Today
Editor Picks
Curator Picks
Quizzes by...
Day
Popularity
Type
Ratings
Length
Year
Community
Subscriptions
Recent Discussions
Orange Saloon
Badges
Playlists
Quests
Create
Leaderboards
Showdown
Live 5
Trivia Bingo
Activity
Puzzle Library
Sporcle Events
Private Events
Virtual Trivia
Globe League
Become a Host
Pub Owners
SporcleCon
Opinionation
Our Games
Videos
Blog
Mobile Apps
Partnerships
Remove Ads and Go Orange
Feedback
Geography
Country
Landmarks
City
State
Population
World
Capital
Continent
Flags
Europe
Africa
Asia
South America
North America
Oceania
Border
Canada
United Kingdom
Topography
United States
Geography
Country
Landmarks
City
State
Population
World
Capital
Continent
Flags
Europe
Africa
Asia
South America
North America
Oceania
Border
Canada
United Kingdom
Topography
United States
Random Quiz
Search Sporcle
×
Quiz Lab
Quiz Lab
Geography
State
Type in answers that appear in a list
Type in answers that appear in a list
Classic
Best Score? Go Orange.
Name the States from their 3 most populous cities Stats
Can you name the States from their 3 most populous cities?
By
ninjakat
8m
50 Questions
2,409 Plays
2,409 Plays
2,409 Plays
Comments
Comments
Give Quiz Kudos
Give Quiz Kudos
-
- Ratings
hide this ad
Forced Order
Answers have to be entered in order
Answers have to be entered in order
Replay
Link that replays current quiz
Next Quiz
Link to next quiz in quiz playlist
You Got
0%
They Got
Avg Score
94%
Avg Friend Score
Upgrade to see
Score Distribution
Jump to the score distribution portion of the page
Score
0/50
Timer
08:00
0
Plays Today
Cities
State
% Correct
Oklahoma City, Tulsa, Norman
Oklahoma
99%
Denver, Colorado Springs, Aurora
Colorado
98.4%
Las Vegas, Paradise, Reno
Nevada
98.4%
Jacksonville, Miami, Tampa
Florida
98.3%
Houston, Dallas, San Antonio
Texas
98.3%
Columbus, Cleveland, Cincinnati
Ohio
98.2%
Los Angeles, San Diego, San Jose
California
98.1%
Memphis, Nashville, Knoxville
Tennessee
98%
Wichita, Overland Park, Kansas City
Kansas
97.8%
Honolulu, Hilo, Kailua
Hawaii
97.7%
Newark, Jersey City, Patterson
New Jersey
97.5%
Indianapolis, Fort Wayne, Evansville
Indiana
97.3%
Phoenix, Tucson, Mesa
Arizona
97.2%
New York City, Buffalo, Rochester
New York
97.1%
Atlanta, Columbus, Savannah
Georgia
97%
Detroit, Grand Rapids, Warren
Michigan
96.8%
New Orleans, Baton Rouge, Shreveport
Louisiana
96.7%
Salt Lake City, West Vallet City, Provo
Utah
96.7%
Seattle, Spokane, Tacoma
Washington
96.7%
Anchorage, Juneau, Fairbanks
Alaska
96.6%
Virginia Beach, Norfolk, Chesapeake
Virginia
96%
Boston, Worcester, Springfield
Massachusetts
95.7%
Philadelphia, Pittsburgh, Allentown
Pennsylvania
95.6%
Alburquerque, Las Cruces, Santa Fe
New Mexico
95.2%
Chicago, Rockford, Aurora
Illinois
95.1%
Cities
State
% Correct
Birmingham, Montgomery, Mobile
Alabama
94.8%
Portland, Eugene, Salem
Oregon
94.5%
Baltimore, Columbia, Silver Spring
Maryland
94.1%
Omaha, Lincoln, Bellevue
Nebraska
94%
Minneapolis, St Paul, Duluth
Minnesota
93.9%
Providence, Warwick, Cranston
Rhode Island
93.7%
Charlotte, Raleigh, Greensboro
North Carolina
92.8%
Fargo, Bismarck, Grand Forks
North Dakota
92.7%
Des Moines, Cedar Rapids, Davenport
Iowa
92.5%
Bridgeport, New Haven, Hartford
Connecticut
92.4%
Columbia, Charleston, Greenville
South Carolina
92.1%
Boise, Nampa, Pocatello
Idaho
92.1%
Milwaukee, Madison, Green Bay
Wisconsin
91.9%
Little Rock, Fort Smith, Fayetteville
Arkansas
91.9%
Lexington, Louisville, Owensboro
Kentucky
91.3%
Kansas City, St Louis, Springfield
Missouri
91.1%
Jackson, Gulfport, Biloxi
Mississippi
89.6%
Manchester, Nashua, Concord
New Hampshire
89.2%
Portland, Lewiston, Bangor
Maine
89%
Cheyenne, Casper, Laramie
Wyoming
88.5%
Wilmington, Dover, Newark
Delaware
88.3%
Sioux Falls, Rapid City, Aberdeen
South Dakota
87.5%
Billings, Missoula, Great Falls
Montana
87.3%
Charleston, Huntington, Parkersburg
West Virginia
85.9%
Burlington, Rutland, Barre
Vermont
83.5%
Quiz Playlist
Details
Report
Send in Message
Add To Playlist
Classic:
Type in answers that appear in a list
Forced Order:
Answers have to be entered in order
Last Updated: Feb 16, 2017
Quiz Scoreboard
CHALLENGE
Sign Up to Join the Scoreboard
Show All
Scores
Hide
Comments
May contain spoilers
Recently Published
1-10 Letter E Words III
by El_Dandy
Language
2m
Street Fighter Characters
by Artimus82
Gaming
60s
College Basketball Coaching Resumes
by pancakes188
Sports
9m
More to Explore
Quiz From the Vault
Featured Blog Post
Where Did the Easter Bunny Come From?
hide this ad
You Might Also Like...
Tags
City Quiz
State Quiz
Today's Top Quizzes in Geography
Browse Geography
hide this ad
Today's Top Quizzes in State
Browse State
Top Contributed Quizzes in Geography
1
Countries of the World - No Outlines Minefield
2
Top 25 Cities of France on a map
3
Any capital of a 'B' country per Continent
4
Any capital of a 'C' country per Continent
5
Closest Countries to UK A-Z
6
Any capital of a 'D' country per Continent
7
5-to-1: US Geography No Hints
8
Any capital of an 'E' country per Continent
9
Find the US States - No Outlines
10
Any capital of an 'F' country per Continent
Explore More
Trending Topics
Kpop
Harry Potter
Crossword
Disney
Anime
Marvel
NBA
The Office
Country
Soccer
Song
Puzzle
Pokémon
NFL
WWE
hide this ad
More By:
ninjakat
Quiz
Plays
Rating
Category
Featured
Created
Counties of Ohio
5,784
5.00
Geography
Sep 22, 2009
Name the States from their 3 most populous cities
2,409
3.68
Geography
Sep 23, 2009
Go to Creator's Profile
Score Distribution
Quiz Creator Spotlight
ninjakat
Follow
Send a Message
Quizzes Created
-
Created Quiz Play Count
-
More By This Creator
Popular Quizzes Today
1
Find the US States - No Outlines Minefield
2
Find the Countries of Europe - No Outlines Minefield
3
The Countries of the World
4
Find the US States
5
Risky Map Clicking: Biggest States A-Z
6
US States
7
Popular People in 1961
8
Movies - When Are They Set?
More Geography Quizzes
Rush to the Finish: Shared Peninsulas
Quiz Lab
Trending Quizzes
Risky Map Clicking: Least Populous States A-Z
Billboard Blitz: Aretha Franklin
Famous Russians: Author or Composer?
Countries of the World: 200 Million BC
1-10 Letter G Words
Recently Updated
Leaping Animals
pecheneg
Reality TV Shows (A-Z)
bhenderson79
Rickey Henderson's Hall of Fame Teammates
pecheneg
Champions League XIs: Arsenal
pecheneg
Quick Pick: Celebrities in WWE's Hall of Fame
aduchscher
A-Z Keypad Blitz II
pecheneg
Multiple Oscar Actors
pecheneg
Mystery Phrase Blitz: Oscar 'Best Actors'
pecheneg
F. Scott Fitzgerald Novels
LTH
Pick 3 Villains
ddd62291
Trending Topics
Disney
Crossword
Harry Potter
Anime
Kpop
Marvel
NBA
Song
Pokémon
NFL
Soccer
Country
The Office
Puzzle
WWE
Your Account Isn't Verified!
In order to create a playlist on Sporcle, you need to verify the email address you used during registration. Go to your
Sporcle Settings
to finish the process.
Report this User
Report this user for behavior that violates our
Community Guidelines
.
Details:
Send Report
Go to the Sporcle.com Mobile Site →
Comments